[Event "Hersonissos op 3rd"]
[Site "Hersonissos"]
[Date "2019.05.23"]
[Round "9"]
[White "Froewis, Gerhard"]
[Black "Konstantinomanolakis, Stavros"]
[Result "0-1"]
[WhiteElo "1600"]
[BlackElo "1500"]
[PlyCount "120"]
[EventDate "2019.05.15"]
[EventType "swiss"]
[EventRounds "9"]
[EventCountry "GRE"]
[SourceTitle "CBM 190 Extra"]
[Source "ChessBase"]
[SourceDate "2019.07.15"]
[SourceVersion "1"]
[SourceVersionDate "2019.07.15"]
[SourceQuality "1"]

1. d4 Nf6 2. c4 e5 3. e3 exd4 4. exd4 Bb4+ 5. Bd2 Bxd2+ 6. Nxd2 0-0 7. Ngf3 d5 8. Be2 Bg4 9. 0-0 Re8 10. Re1 c6 11. Ne5 Bxe2 12. Rxe2 Nbd7 13. Ndf3 dxc4 14. Nxc4 Qc7 15. g3 Rxe2 16. Qxe2 Re8 17. Qd3 Nd5 18. Re1 Rxe1+ 19. Nxe1 b5 20. Ne3 Qd6 21. N1c2 N7f6 22. Qf5 Ne7 23. Qc5 Qxc5 24. dxc5 a5 25. a3 Ne4 26. b4 axb4 27. axb4 Nf6 28. f3 Ned5 29. Nxd5 Nxd5 30. Kf2 Kf8 31. Ke2 Ke7 32. Kd3 Kd7 33. Ke4 g6 34. h4 f6 35. g4 Nc3+ 36. Kd3 Nd5 37. Ke4 Ke7 38. f4 Nc3+ 39. Kf3 Ke6 40. f5+ gxf5 41. gxf5+ Ke5 42. Kg4 Nd5 43. Kh5 Ne7 44. Kh6 Nxf5+ 45. Kxh7 Nxh4 46. Kg7 f5 47. Kf7 f4 48. Ke7 Nf5+ 49. Kd7 Kd5 50. Ne1 Nd4 51. Nd3 f3 52. Kc7 Kc4 53. Ne5+ Kxb4 54. Nxf3 Kxc5 55. Ne5 b4 56. Nd3+ Kb5 57. Kd6 Kc4 58. Nc1 c5 59. Ke5 b3 60. Ke4 b2 0-1

[Event "Hersonissos op 3rd"]
[Site "Hersonissos"]
[Date "2019.05.21"]
[Round "7"]
[White "Froewis, Gerhard"]
[Black "Steiner, Juraj"]
[Result "0-1"]
[WhiteElo "1600"]
[BlackElo "1939"]
[PlyCount "80"]
[EventDate "2019.05.15"]
[EventType "swiss"]
[EventRounds "9"]
[EventCountry "GRE"]
[SourceTitle "CBM 190 Extra"]
[Source "ChessBase"]
[SourceDate "2019.07.15"]
[SourceVersion "1"]
[SourceVersionDate "2019.07.15"]
[SourceQuality "1"]

1. d4 Nf6 2. Nf3 e6 3. Bg5 c5 4. Nbd2 cxd4 5. Bxf6 Qxf6 6. Ne4 Qf4 7. Qxd4 Nc6 8. Qe3 Qxe3 9. fxe3 d5 10. Ned2 e5 11. g3 Bc5 12. e4 dxe4 13. Nxe4 Be3 14. Nd6+ Ke7 15. Nxc8+ Raxc8 16. Bh3 Rc7 17. c3 h5 18. Kd1 g6 19. Kc2 e4 20. Rad1 exf3 21. exf3 Re8 22. Rhe1 Kf8 23. Kb1 Bf2 24. Re4 Rxe4 25. fxe4 Ne5 26. Rf1 Bc5 27. Be6 Kg7 28. Bd5 b5 29. h3 Nc4 30. Bxc4 bxc4 31. g4 h4 32. e5 Rd7 33. Rf4 Re7 34. Rxc4 Rxe5 35. b4 Bg1 36. Kc2 Re3 37. a4 Rxh3 38. g5 Bf2 39. Rg4 Be1 40. c4 Bxb4 0-1